| 000 | 00523nam a2200169 a 4500 | ||
|---|---|---|---|
| 001 | 5627 | ||
| 003 | CDMR | ||
| 005 | 20131028153527.0 | ||
| 008 | 130130s2006||||||||||||||||||||||||||||d | ||
| 020 | _a8476097816 | ||
| 040 |
_aCDMR _bcat _cCPC GIRONA |
||
| 100 | 1 |
_9762 _aBalsebre, Armand |
|
| 245 | 0 |
_aTots dos cavalquen junts _b: la rĂ dio i el cinema : 50 Premis Sant Jordi de CinematografĂa (1957-2006) _cArmand Balsebre |
|
| 260 |
_bRNE a Catalunya _aBarcelona |
||
| 260 |
_c2006 _bAjuntament de Barcelona |
||
| 942 |
_cMON _2udc |
||
| 999 |
_c5627 _d5627 |
||